Kế hoạch hoá kinh tế vĩ mô

Na minha lista:
Detalhes bibliográficos
Autor principal: Ts.Đặng Đức Đạm
Formato: Livro
Idioma:Vietnamese
Publicado em: Chính trị quốc gia 2000
Tags: Adicionar Tag
Sem tags, seja o primeiro a adicionar uma tag!
Thư viện lưu trữ: Mạng thư viện Đại học Đà Nẵng
LEADER 00652nam a2200277 4500
001 000026148
003 1677
005 20150325120000.0
008 150325s vm 000 vie
020 |c 26000,0000 
040 |a NOTTS 
100 |a Ts.Đặng Đức Đạm 
245 |a Kế hoạch hoá kinh tế vĩ mô 
260 |b Chính trị quốc gia  |c 2000 
300 |a 353tr. ; 
OWN |a LTT 
999 |a From the UDN01 
TYP |a Monograph 
TYP |a Printed language 
980 |a Mạng thư viện Đại học Đà Nẵng